LIBRARY & INFORMATION CENTRE, KCAET, TAVANUR

ONLINE PUBLIC ACCESS CATALOGUE (OPAC)

Swarangal swapngal / (Record no. 11656)

MARC details
000 -LEADER
fixed length control field 00344cam a2200133ua 4500
041 ## - LANGUAGE CODE
Language code of text/sound track or separate title eng
082 ## - DEWEY DECIMAL CLASSIFICATION NUMBER
Classification number 894.8121
Item number ETT/SW
100 ## - MAIN ENTRY--AUTHOR NAME
Personal name Ettumanur , Somadasan .
245 ## - TITLE STATEMENT
Title Swarangal swapngal /
260 ## - PUBLICATION, DISTRIBUTION, ETC. (IMPRINT)
Place of publication Ettumaur :
Name of publisher Ettumaur somadasan ,
Year of publication 1962.
300 ## - PHYSICAL DESCRIPTION
Number of Pages 55 ; .

No items available.

free website counter